000 01752nam0a2200373 4500
001 RU\NLR\bibl\470107
005 20260408062925.0
010 _a5-89016-086-9
_9550
021 _aRU
_b2003-72820
_93611
035 _a(NLR Aleph) 000463336
090 _a947774
_c947774
100 _a20031209d2003 |||y0rusy50 ca
101 0 _arus
102 _aRU
105 _ay |||||||||
200 1 _aДеятельность Министерства внутренних дел Российской империи по осуществлению свободы союзов
_fА.С. Туманова
_gМ-во образования Рос. Федерации, Тамб. гос. ун-т им. Г.Р. Державина
210 _aТамбов
_cИзд-во ТГУ
_d2003
215 _a233 с.
_d21
316 _aавтограф
_5NLR:2003-3/29227
320 _aБиблиогр. в подстроч. примеч.
320 _aИмен. указ.: с. 223-228
320 _aУказ. обществ. орг.: с. 229-232
601 0 1 _aРоссия
_bМинистерство внутренних дел
_xИстория
_92242707
_3RU\NLR\auth\661345648
606 0 _aОбщественные организации
_xДеятельность
_xПравовые вопросы
_yРоссия
_z1906 - 1917
_92313660
_3RU\NLR\auth\661384557
686 _aХ839(2)012
700 1 _aТуманова
_bА. С.
_gАнастасия Сергеевна
_4070
712 0 1 _4570
_aРоссия
_bМинистерство внутренних дел
_9564612
_3RU\NLR\AUTH\8810033038
801 0 _aRU
_bNLR
_c20031209
_gPSBO
801 1 _aRU
_bNLR
_c20031209
830 _aАвт. по кн.
942 _cBOOK
980 _aNB
980 _aNBR